Sh*t Phrases - Statistics

General Stats
  • This quiz has been taken 74 times
    40 since last reset
  • The average score is 5 of 10
Answer Stats
Hint @$#% % Correct
Not true Bullsh*t / Horsesh*t
94%
Obviously No sh*t
83%
Insane Batsh*t
60%
Poor quality Dogsh*t / Rat sh*t
57%
Wow Holy sh*t
51%
Excellent Good sh*t / The sh*t
37%
Cowardly Chickensh*t
31%
Rambunctious Apesh*t
23%
Nothing Jack sh*t / Sh*t all
23%
Oh well Tough sh*t
9%
No matching quizzes found
Score Distribution
Percent of People with Each Score
Percentile by Number Answered
Your Score History
You have not taken this quiz since the last reset